000 00314nam a2200133 i 4500
001 bg
100 1 _aKRYŁOW, W. I.
245 0 _aPriblizennoje wyczislenije integrałow /
_cW.I. Kryłow.
260 _aMoskwa,
_c1967.
040 _cBPK
041 _apol
942 _cKS
008 s pl f |000 0 pol
999 _c7817
_d7817
856 _uhttp://koha.tu.koszalin.pl/cgi-bin/koha/opac-detail.pl?biblionumber=7817
_yKatalog online BPK